000
00314nam a22001337a 4500
020
_a
978-1-119-85602-3
082
_a
657.42
100
_a
Boyd, Ken
245
_a
Cost Accounting for Dummies
250
_a
2nd
260
_a
New Jersey:
_b
John Wiley & Sons,
_c
2022
300
_a
xiii, 432p.:ill.; 24cm
942
_c
BK
999
_c
22119
_d
22119